Statistics for Biggest States OR Cities - U.S. Top 50

Click here to take the quiz!

General Stats

  • This quiz has been taken 105 times
  • The average score is 42 of 50

Answer Stats

PopulationCountry or City% Correct
21,538,000Florida
99%
21,800,000New York (City)
99%
20,201,000New York (State)
99%
39,538,000California
98%
8,550,000Washington (D.C.)
98%
7,705,000Washington (State)
98%
29,146,000Texas
96%
9,650,000Chicago
95%
17,600,000Los Angeles
95%
7,300,000Dallas
94%
6,800,000Houston
94%
10,439,000North Carolina
94%
7,350,000Philadelphia
91%
12,813,000Illinois
90%
6,350,000Miami
90%
11,799,000Ohio
90%
4,800,000Phoenix
90%
7,152,000Arizona
89%
5,900,000Atlanta
89%
8,631,000Virginia
89%
6,786,000Indiana
88%
10,077,000Michigan
88%
13,003,000Pennsylvania
88%
7,750,000San Francisco
88%
3,325,000San Diego
87%
7,030,000Massachusetts
85%
5,750,000Detroit
84%
10,712,000Georgia
84%
9,289,000New Jersey
84%
4,237,000Oregon
84%
5,118,000South Carolina
84%
6,911,000Tennessee
84%
7,700,000Boston
82%
5,774,000Colorado
82%
3,959,000Oklahoma
82%
4,475,000Seattle
82%
3,800,000Denver
80%
5,024,000Alabama
78%
4,658,000Louisiana
78%
6,155,000Missouri
77%
5,894,000Wisconsin
77%
4,506,000Kentucky
74%
6,177,000Maryland
74%
5,706,000Minnesota
74%
3,272,000Utah
71%
3,190,000Iowa
70%
3,200,000Minneapolis
67%
3,606,000Connecticut
66%
4,475,000Tampa
63%
3,500,000Orlando
57%

Score Distribution

Percentile by Number Answered

Percent of People with Each Score

Your Score History

You have not taken this quiz